| 000 | 00842cab a2200241 4500 | ||
|---|---|---|---|
| 001 | WB3323-19 | ||
| 008 | 090401t1997 xxu||||| |||| 00| 0 eng d | ||
| 035 | _a(Sirsi) u78931 | ||
| 041 | _aeng | ||
| 245 | _aNew homes threat to West`s countryside | ||
| 260 | _c1997 | ||
| 350 | _a0 | ||
| 490 |
_aWestern Morning News _v11 June 1997, 16-17(3) |
||
| 520 | _aThe Westcountry is one of the most threatened by government policy on development, according to the Council for the Protection of Rural England`s "Contract for the countryside". Lists key environmental action areas. | ||
| 650 | _aAGRICULTURE | ||
| 650 | _aCOUNCIL FOR THE PROTECTION OF RURAL ENGLAND | ||
| 650 | _aHOUSING DEVELOPMENT | ||
| 650 | _aTRANSPORT | ||
| 650 | _aWESTCOUNTRY | ||
| 690 | _aENVIRONMENTAL AND LAND CONSULTANCY | ||
| 942 | _n0 | ||
| 948 | _c13/06/1997 | ||
| 999 |
_c49609 _d49609 |
||